| 000 | 00658nam a2200229Ia 4500 | ||
|---|---|---|---|
| 003 | OSt | ||
| 005 | 20221005050117.0 | ||
| 006 | a|||||r|||| 00| 0 | ||
| 007 | ta | ||
| 008 | 221004b |||||||| |||| 00| 0 ben d | ||
| 024 | _a20365 | ||
| 037 |
_bGift, 01/07/2015, _cTextual |
||
| 040 |
_aCRL _cCRL _bben |
||
| 041 |
_2ben _aben |
||
| 082 | _aO111,3N22,RA, 157N7 | ||
| 100 |
_aMachlean Alistair _9594284 |
||
| 245 | 0 | _aRed aleart | |
| 260 |
_aKolkata _bUrpana Book Dist. India _c1997 |
||
| 650 | _aENGLISH LITERATURE | ||
| 942 |
_hO111,3N22,RA, 157N7 _cTEXL _2cc |
||
| 999 |
_c956306 _d956306 |
||